[Event "Sochi Amateur U12 op 6th"]
[Site "Sochi"]
[Date "2019.04.12"]
[Round "8"]
[White "Omar, Temirlan"]
[Black "Kalandia, Eka"]
[Result "1-0"]
[WhiteElo "1362"]
[BlackElo "1167"]
[PlyCount "155"]
[EventDate "2019.04.07"]
[EventType "swiss"]
[EventRounds "9"]
[EventCountry "RUS"]
[SourceTitle "EXT 2021"]
[Source "ChessBase"]
[SourceDate "2020.10.23"]
[SourceVersion "1"]
[SourceVersionDate "2020.10.23"]
[SourceQuality "1"]

1. d4 Nf6 2. Bf4 g6 3. e3 Bg7 4. Nf3 0-0 5. Be2 d6 6. 0-0 Nbd7 7. h3 b6 8. c4 d5 9. Nc3 Bb7 10. Rc1 c5 11. b3 Rc8 12. Qd2 Ne4 13. Nxe4 dxe4 14. Nh2 cxd4 15. exd4 e5 16. Bg5 f6 17. Be3 exd4 18. Bxd4 f5 19. Bxg7 Kxg7 20. Rfd1 Nf6 21. Qb2 Qe7 22. Rd2 Rfd8 23. Rcd1 Kf7 24. Nf1 Rd7 25. Qxf6+ Qxf6 26. Rxd7+ Ke8 27. Rxb7 Rd8 28. Ne3 Rxd1+ 29. Nxd1 a6 30. Rxh7 Qa1 31. Kf1 Qxa2 32. Ra7 Qxb3 33. Rxa6 f4 34. f3 e3 35. Ra7 Qb4 36. Ra2 Qe7 37. g3 Qe6 38. Kg2 fxg3 39. Ra3 Qd6 40. Rxe3+ Kf7 41. Rd3 Qe6 42. Nc3 Kg7 43. Kxg3 Kh6 44. Rd5 Qe3 45. Rd3 Qg1+ 46. Kf4 g5+ 47. Ke4 Qg3 48. Ke3 Qf4+ 49. Kf2 Qh2+ 50. Ke1 Qg3+ 51. Kd2 Qxh3 52. f4 Qf5 53. fxg5+ Qxg5+ 54. Kc2 Qf5 55. Kb3 Qf4 56. Nd5 Qc1 57. Rd1 Qg5 58. Rh1+ Kg7 59. Ra1 Qg3+ 60. Nc3 Qe3 61. Ra7+ Kf8 62. Rb7 Ke8 63. Kc2 Kd8 64. Rf7 Qg5 65. Rf3 Qg6+ 66. Rd3+ Kc8 67. Kb3 Qe6 68. Rd4 Qe3 69. Bg4+ Kb8 70. Rd8+ Kb7 71. Rd5 Kc7 72. Kb4 Qe7+ 73. Ka4 Qe8+ 74. Nb5+ Kb8 75. Rd6 Qe4 76. Rd8+ Kb7 77. Nd6+ Ka7 78. Nxe4 1-0

[Event "Pavlodar op"]
[Site "Pavlodar"]
[Date "2017.11.23"]
[Round "4"]
[White "Adilbekova, Erkezhan"]
[Black "Omar, Temirlan"]
[Result "1-0"]
[WhiteElo "1928"]
[BlackElo "1330"]
[PlyCount "53"]
[EventDate "2017.11.21"]
[EventType "swiss"]
[EventRounds "9"]
[EventCountry "KAZ"]
[SourceTitle "EXT 2019"]
[Source "ChessBase"]
[SourceDate "2018.10.10"]
[SourceVersion "1"]
[SourceVersionDate "2018.10.10"]
[SourceQuality "1"]

1. e4 e5 2. Nc3 Nf6 3. g3 Bc5 4. Bg2 0-0 5. Nge2 d6 6. 0-0 Nbd7 7. h3 b6 8. Kh2 Bb7 9. d3 h6 10. f4 Qe7 11. a3 a5 12. Na4 Rae8 13. Bd2 d5 14. fxe5 Qxe5 15. d4 Bxd4 16. Bf4 Qh5 17. Nxd4 Qxd1 18. Raxd1 c5 19. Nf5 Nxe4 20. Bxe4 Rxe4 21. Nc3 Re6 22. Nxd5 Re2+ 23. Kg1 Rfe8 24. Nd6 Bxd5 25. Rxd5 R8e6 26. Nb5 Nf6 27. Rd2 1-0

[Event "Pavlodar op"]
[Site "Pavlodar"]
[Date "2017.11.23"]
[Round "3"]
[White "Omar, Temirlan"]
[Black "Kononenko, Vsevolod"]
[Result "0-1"]
[WhiteElo "1330"]
[BlackElo "1923"]
[PlyCount "74"]
[EventDate "2017.11.21"]
[EventType "swiss"]
[EventRounds "9"]
[EventCountry "KAZ"]
[SourceTitle "EXT 2019"]
[Source "ChessBase"]
[SourceDate "2018.10.10"]
[SourceVersion "1"]
[SourceVersionDate "2018.10.10"]
[SourceQuality "1"]

1. d4 Nf6 2. c4 e6 3. Nc3 Bb4 4. Bd2 c5 5. e3 b6 6. Nf3 Bb7 7. Be2 0-0 8. 0-0 d6 9. Rb1 Ne4 10. a3 Bxc3 11. bxc3 Nd7 12. Bd3 f5 13. Ne1 Qh4 14. f3 Nef6 15. Nc2 Kh8 16. Qe1 Qh5 17. Qg3 e5 18. a4 Qf7 19. Na3 e4 20. Be2 exf3 21. Bxf3 Ne4 22. Qe1 Ndf6 23. Qe2 Qd7 24. a5 g5 25. axb6 axb6 26. Nb5 Ra2 27. Rfd1 Bc6 28. Ra1 Rfa8 29. Rxa2 Rxa2 30. Qd3 g4 31. Be2 Nxd2 32. Rxd2 Be4 33. Rxa2 Bxd3 34. Bxd3 Qe6 35. Re2 g3 36. Re1 gxh2+ 37. Kxh2 f4 0-1